Największe miasta w danym województwie - Statystyki

Ogólne statystyki
  • Ten quiz został rozwiązany 78 razy
  • Średni wynik to 15 z 16
Statystyki odpowiedzi
Województwo Miasta % Poprawnych
Małopolskie Kraków / Tarnów / Nowy Sącz
100%
Mazowieckie Warszawa / Płock / Radom
100%
Pomorskie Gdańsk / Gdynia / Słupsk
98%
Łódzkie Łódź / Piotrków Trybunalski / Skierniewice
98%
Opolskie Opole / Kędzierzyn-Koźle / Brzeg
98%
Zachodniopomorskie Szczecin / Koszalin / Świnoujście
98%
Dolnośląskie Wrocław / Wałbrzych / Legnica
98%
Kujawsko-Pomorskie Bydgoszcz / Toruń / Włocławek
96%
Śląskie Katowice / Częstochowa / Sosnowiec
96%
Lubelski Lublin / Chełm / Zamość
96%
Podkarpackie Rzeszów / Krosno / Przemyśl
96%
Wielkopolskie Poznań / Kalisz / Konin
95%
Warmińsko-Mazurskie Olsztyn / Elbląg / Ełk
93%
Podlaskie Białystok / Łomża / Suwałki
91%
Świętokrzyskie Kielce / Ostrowiec Świętokrzyski / Starachowice
89%
Lubuskie Zielona Góra / Gorzów Wielkopolski / Nowa Sól
89%
Nie znaleziono quizów pasujących do podanych kryteriów
Rozkład punktacji
Procent ludzi z każdym wynikiem
Percentyl według liczby udzielonych odpowiedzi
Twoja historia wyników
Nie rozwiązałeś tego quizu